Countries With the Most Tourist Attractions - Statistics

General Stats
  • This quiz has been taken 62 times
  • The average score is 7 of 8
Answer Stats
Hint Answer % Correct
6 attractions France
100%
28 attractions United States
98%
6 attractions China
97%
4 attractions Japan
90%
1 attraction United Kingdom
88%
1 attraction Mexico
73%
1 attraction Turkey
54%
2 attractions South Korea
51%
No matching quizzes found
Score Distribution
Percent of People with Each Score
Percentile by Number Answered
Your Score History
You have not taken this quiz